000 00471nam a2200181Ia 4500
005 20250508163418.0
008 008 250505s9999 xx 000 0 eng d
037 _aTextual
040 _aFEDL
_beng
_cFEDL
041 _aeng
_2eng
084 _a960, HOB
_qFEDL
100 _aHobley L F
_995726
245 0 _aOpening Africa
260 _aLondon, UK
_bMethuen and Co. Ltd.
_c1955
300 _a76p
942 _cTEXL
_h960, HOB
999 _c1382956
_d1382956